[Event "USA-ch Juniors 2018"]
[Site "Saint Louis"]
[Date "2018.07.19"]
[Round "7"]
[White "Brattain, Mika"]
[Black "Balakrishnan, Praveen"]
[Result "1/2-1/2"]
[WhiteElo "2399"]
[BlackElo "2411"]
[Annotator "TA"]
[PlyCount "186"]
[EventDate "2018.07.12"]
[EventType "tourn"]
[EventCountry "USA"]
[SourceTitle "playchess.com"]
[Source "ChessBase"]
[SourceQuality "1"]

{[%evp 25,186,31,36,16,37,31,31,33,37,36,53,24,108,66,66,63,73,83,70,80,79,64,72,62,90,81,81,82,73,64,71,55,122,119,186,132,144,116,140,68,68,68,54,43,62,68,76,62,77,0,71,0,98,0,12,0,0,0,8,17,14,8,8,8,8,0,0,0,0,0,0,0,0,0,0,-8,-8,-8,-8,-7,0,0,0,-8,-8,-8,-8,-8,-8,-8,0,0,0,0,0,0,0,0,0,0,0,0,0,0,0,0,0,-46,-46,-54,-54,-79,-87,-87,-71,-71,-71,-71,-75,-75,0,0,0,0,0,0,0,0,0,0,0,0,0,0,0,0,0,0,0,0,0,0,0,0,0,0,0,0,0,0,0,0,0,0,0,0,0,0,0,0,0,0,0]} 1. Nf3 d5 2. d4 Nf6 3. c4 e6 4. g3 Bb4+ 5. Nbd2 O-O 6. Bg2 b6 7. O-O Bb7 8. Ne5 Nbd7 9. Qa4 {E16: Queen's Indian: 4 g3 Bb7 5 Bg2 Bb4+} Bd6 10. Nxd7 Qxd7 11. Qxd7 Nxd7 12. cxd5 Bxd5 13. e4 Bb7 {[#] LiveBook: 4 Games} 14. Nc4 $146 ({Predecessor:} 14. Rd1 Be7 15. Nc4 Nf6 16. f3 c5 {½-½ (46) Lenderman,A (2565)-Anand,V (2794) Douglas 2017}) 14... Be7 15. Be3 Nf6 16. f3 Rfd8 17. Rac1 Ba6 18. Rf2 Rac8 (18... Nd7 $11) 19. Ne5 c5 20. dxc5 Bxc5 21. Bxc5 Rxc5 22. Rxc5 bxc5 23. Bf1 Rd1 24. Kg2 Bb7 25. Bd3 g5 26. g4 h5 27. h3 $1 h4 28. Rc2 Ne8 (28... c4 $1 $14 29. Rxc4 Rd2+ 30. Kf1 Ba6) 29. Be2 $16 ({Don't play} 29. Rxc5 $6 f6 $11) 29... Ra1 (29... Rd8 $16 30. Kf2 Nd6) 30. a3 ({Don't take} 30. Rxc5 $6 Rxa2 31. Nd3 Kf8 $14) (30. Rd2 $18) 30... Rb1 31. Nd7 c4 32. Nc5 (32. Bxc4 $16 Bc6 33. Nc5) 32... c3 $1 $14 {[%cal Rc3b2]} 33. bxc3 Bc6 34. a4 a5 35. Kf2 Kf8 36. e5 Nc7 37. Bd3 (37. c4 $1 $16) 37... Ke7 (37... Rh1 $11) 38. Be4 ({White should play} 38. Rd2 $16 Rb6 39. c4) 38... Be8 {[#]} (38... Nd5 $11 {remains equal.}) 39. Ra2 (39. c4 $1 $16) 39... Rc1 40. Nb3 Rxc3 41. Nxa5 Rc5 42. Nb3 Rxe5 43. a5 {Hoping for a6.} f5 44. Bd3 {next a6 is good for White.} Bb5 45. Re2 Rd5 46. Bxb5 Rxb5 $11 {[%mdl 4096] Endgame KRN-KRN} 47. Nd4 Rd5 48. Nxf5+ Kf6 49. Rc2 Na6 50. Ne3 Rxa5 51. Nc4 Rc5 {...Nb4 is the strong threat.} 52. Ne3 Rxc2+ 53. Nxc2 {KN-KN} Ke5 54. Na3 Nb4 55. Nc4+ Kd4 56. Nd6 Nd3+ 57. Kf1 Ke3 58. Nf7 Kf4 {White must now prevent ...Ne5.} 59. Ke2 Nc5 60. Kf2 Nb7 61. Ke2 Nc5 62. Kf2 Nd3+ 63. Ke2 Nc1+ 64. Kf2 Nd3+ 65. Ke2 Nb4 66. Kf2 Nc6 67. Nd6 Ne5 68. Ne4 Nxf3 69. Nc5 Nd4 {Strongly threatening ...e5.} 70. Nd3+ Ke4 71. Nc5+ Kd5 72. Nd7 {[#]} Kd6 (72... Nb3 $1 $17 {[%cal Rb3c5] And now ...Nc5 would win.} 73. Ke3 Nc5 74. Nb6+ Ke5) 73. Nf8 {The position is equal.} Ke5 {aiming for ...Kf4.} 74. Ke3 Nc2+ 75. Ke2 Nd4+ 76. Ke3 Nc2+ 77. Ke2 $1 Nb4 {Threatens to win with ...Nd5.} 78. Kf3 Nc6 79. Nh7 $1 Nd4+ 80. Ke3 Nc2+ 81. Kf3 Ne1+ 82. Ke2 Ng2 83. Nxg5 Nf4+ 84. Ke3 Nd5+ 85. Kf3 Kf6 86. Ne4+ Ke5 87. Nc5 Ne7 88. Nd3+ Kd4 89. Nf4 e5 90. Ne6+ Kd3 91. Nc5+ Kd4 92. Ne6+ Kd3 93. Nc5+ Kd4 {Precision: White = 66%, Black = 63%.} 1/2-1/2

[Event "USA-ch Juniors 2018"]
[Site "Saint Louis"]
[Date "2018.07.19"]
[Round "7"]
[White "Wang, Annie"]
[Black "Chandra, Akshat"]
[Result "1/2-1/2"]
[WhiteElo "2299"]
[BlackElo "2486"]
[Annotator "TA"]
[PlyCount "127"]
[EventDate "2018.07.12"]
[EventType "tourn"]
[EventCountry "USA"]
[SourceTitle "playchess.com"]
[Source "ChessBase"]
[SourceQuality "1"]

{[%evp 20,127,8,0,17,-2,12,0,31,31,29,22,14,-45,-8,-6,-18,-17,0,0,0,0,0,0,0,-41,-45,-66,-64,-66,-46,-60,-12,-6,10,-93,-91,-146,-154,-183,16,7,7,7,21,7,86,80,252,239,220,237,339,346,334,350,317,329,324,318,368,370,458,248,247,251,251,249,250,224,497,195,198,190,206,200,202,179,158,177,172,140,142,74,152,151,231,152,234,231,215,8,11,4,4,4,4,0,0,0,5,0,0,0,7,0,0,0,8,0]} 1. d4 d5 2. c4 e6 3. Nc3 Bb4 4. e3 Nf6 5. Nge2 O-O 6. a3 Be7 7. cxd5 exd5 8. Ng3 b6 {E46: Nimzo-Indian: Rubinstein: 4 e3 0-0 5 Ne2 without early Bd3} 9. Bd3 Re8 10. O-O Bb7 11. b4 {[%cal Bb2b4,Bb4b5][%mdl 32] LiveBook: 3 Games} Nbd7 12. Bb2 c6 13. Rc1 a5 $146 ({Predecessor:} 13... Bf8 14. Re1 g6 15. Rc2 Bg7 16. Rce2 Nf8 {1-0 (47) Cruz,C (2553)-Tin,J (2251) Tromsoe 2014}) 14. b5 c5 15. dxc5 bxc5 16. Nce2 (16. Na4 $11) 16... Bf8 17. Nf4 g6 18. a4 Bh6 19. Nge2 Qb6 20. Bb1 Qd6 21. Qb3 Ne4 22. Rcd1 {[%cal Rf4d5]} Nb6 23. Qc2 Rac8 24. Ba2 d4 25. Bc1 {[%cal Re3d4]} ({Don't go for} 25. Qb3 $2 c4 $19) 25... Qf8 26. f3 Nd6 27. exd4 (27. e4 $11) 27... cxd4 $17 28. Qb3 (28. Qd3 $142) 28... Nf5 29. Rd3 ({But not} 29. Ba3 Qg7 $15) 29... g5 $2 (29... Rc4 $19 {White must now prevent ...Rb4.} 30. Ba3 Qg7) 30. Ba3 $11 Qg7 31. Nh5 Qg6 32. Nxd4 Nxd4 (32... Bd5 $11 33. Qb2 Nxa4) 33. Rxd4 $16 Qxh5 $2 (33... Bd5 $16 {was necessary.} 34. Rxd5 Nxd5) 34. g4 $18 Qg6 35. Rd6 Re6 (35... Bd5 {might work better.} 36. Rxg6+ hxg6) 36. Rxe6 fxe6 37. Qxe6+ Kh8 38. Bb2+ Bg7 39. Bxg7+ Kxg7 40. Qe7+ Kh6 41. Bb1 ({Don't play} 41. Qxb7 Qd6 $18) (41. h4 $142 Nd5 42. Bxd5 Bxd5 43. hxg5+ Qxg5 44. Qd6+ Qg6 45. Qxd5 Qb6+ 46. Kh1) 41... Nd5 42. Qxb7 Qb6+ 43. Qxb6+ Nxb6 {[%mdl 4096] Endgame KRB-KRN} 44. Rd1 Nxa4 $2 (44... Kg7 45. Bf5 Rc4) 45. Rd6+ $2 (45. Bf5 Rc7 46. Rd4 Rc1+ 47. Kf2) 45... Kg7 46. Rd7+ Kf6 47. Bxh7 Rb8 48. Bc2 Nc3 49. Bd3 $1 a4 50. Ra7 Ke5 {[#]} 51. Kf2 (51. Bf1 $142 $1) 51... Rd8 (51... Kd4 $142) 52. Bc4 $16 Rd4 (52... Rc8 $16 {keeps fighting.}) 53. Rc7 $18 a3 {[#]} (53... Rd6 $16 {was called for.} 54. Bf7 Nxb5 55. Rc5+ Kf6) 54. b6 $1 {[%cal Rb6b7] Strongly threatening b7.} Rd2+ 55. Kg3 $2 (55. Ke3 $18 Rb2 56. Rc5+ Kf6 57. Rf5+ Kg6 58. Ra5) 55... Rb2 $11 {The position is equal.} 56. b7 {Threatens to win with Bb5!} Kd6 57. Rg7 Kc5 $1 {[%cal Rc5c4]} 58. Rc7+ Kd6 59. Rg7 Kc5 $1 $132 {[%cal Rc5c4][%mdl 2048] Black has counterplay} 60. Rc7+ Kd6 61. Rg7 Kc5 $1 {[%cal Rc5c4]} 62. Rc7+ Kd6 63. Rg7 Kc5 $1 {[%cal Rc5c4]} 64. Rc7+ {Precision: White = 47%, Black = 49%.} 1/2-1/2

[Event "USA-ch Juniors 2018"]
[Site "Saint Louis"]
[Date "2018.07.20"]
[Round "8"]
[White "Burke, John Michael"]
[Black "Patel, Advait"]
[Result "1/2-1/2"]
[WhiteElo "2608"]
[BlackElo "2461"]
[Annotator "TA"]
[PlyCount "114"]
[EventDate "2018.07.12"]
[EventType "tourn"]
[EventCountry "USA"]
[SourceTitle "playchess.com"]
[Source "ChessBase"]
[SourceQuality "1"]

{[%evp 41,114,26,26,23,23,4,17,15,18,0,0,0,0,0,25,0,-16,-8,0,-24,-12,-27,-24,-30,-23,-43,-30,-48,0,-35,-40,-32,-20,-36,18,15,33,31,344,312,324,279,300,8,9,18,16,30,35,-32,-32,-32,-32,-32,-32,-32,-32,-32,0,-58,0,0,0,0,0,0,0,0,0,0,0,0,0,0,0]} 1. e4 e5 2. Nf3 Nc6 3. Bb5 a6 4. Ba4 Nf6 5. O-O Be7 6. Re1 b5 7. Bb3 d6 8. c3 O-O 9. h3 Nb8 10. d4 Nbd7 11. Nbd2 Bb7 12. Bc2 Re8 13. Nf1 Bf8 14. Ng3 g6 15. a4 c5 16. d5 c4 17. Bg5 Nc5 {C95: Spanische Partie (Breyer-Variante)} 18. Qd2 Be7 19. Bh6 (19. Ra3 Nfd7 20. Rea1 Bxg5 21. Nxg5 Nxa4 22. Bxa4 bxa4 23. f4 exf4 24. Qxf4 Qf6 25. Qh4 {1-0 (57) Robson,R (2649)-Dragun,K (2597) New York 2018}) 19... Nfd7 20. Nh2 Nxa4 21. Bxa4 bxa4 {LiveBook: 13 Partien} 22. Rxa4 a5 23. Ng4 Ba6 24. Be3 Bf8 25. Ra2 $146 ({Vorgänger:} 25. Nh6+ Bxh6 26. Bxh6 {½-½ (41) Gronkowski,D (2378)-Kozlowski,W (2436) ICCF email 2016}) 25... Bb5 26. Nh6+ (26. Bh6 {looks sharper.} Kh8 27. Rf1 a4 28. Qe3 f6 29. f4) 26... Bxh6 $1 27. Bxh6 Nc5 28. Be3 Nd3 29. Rf1 a4 30. f4 f6 31. f5 Bd7 32. h4 Kh8 33. Qe2 Qe7 34. fxg6 Rg8 35. h5 hxg6 36. Qf3 $1 {[%cal Rf3f6]} Raf8 37. Bh6 $1 {[%cal Rh6f8]} Rb8 (37... Rf7 $15 38. Bg5 Qe8) 38. Qxf6+ $11 Qxf6 39. Rxf6 Rxb2 $2 {[%mdl 8192]} ({Besser ist} 39... gxh5 $14 40. Nxh5 (40. Rxd6 $2 Rxg3 41. Rxd7 Rbg8 $19) 40... Bg4) 40. Rxb2 $18 Nxb2 41. hxg6 (41. Rxd6 $6 Be8 $18) 41... a3 {[#] Weiss muss nun ...a2 beachten.} 42. g7+ $2 ({Schlechter ist} 42. Rxd6 a2 $11) (42. Rf8 $1 $18 {[%cal Rf8g8]} Be8 43. g7+ Kh7 44. Nf5 Rxg7 45. Nxg7 (45. Bxg7 a2 $18)) 42... Kh7 $132 {[%mdl 2048] Schwarz puts up resistance} 43. Bc1 Bg4 $1 44. Rxd6 {Und weiter mit Lxb2 wäre nett.} Ra8 45. Nf5 (45. Kh2 $14) 45... Bxf5 $1 $15 46. exf5 Kxg7 {[%mdl 4096] Endspiel ...Sd1 ist eine echte Drohung. KTL-KTS} 47. g4 Nd1 48. Bxa3 Rxa3 {KTS-KT} 49. g5 Ra7 50. Rh6 (50. Rg6+ $11 Kf8 51. Rf6+ Kg7 52. Rg6+ Kf7 53. Rf6+ Ke8 54. Re6+ Kf8 55. d6) 50... Nxc3 ({Lieber} 50... Ne3 $1 $15 51. Rg6+ Kf8) 51. f6+ $1 $11 {Die Stellung ist ausgeglichen.} Kg8 52. g6 $1 {Droht d6 und aus.} Nxd5 53. f7+ {[#]} Rxf7 $1 54. gxf7+ Kxf7 55. Rc6 c3 56. Kf2 Ke7 57. Kf3 Kd7 {Precision: Weiß = 56%, Schwarz = 58%.} 1/2-1/2

[Event "USA-ch Juniors 2018"]
[Site "Saint Louis"]
[Date "2018.07.20"]
[Round "8"]
[White "Li, Ruifeng"]
[Black "Bian, Alex"]
[Result "1-0"]
[WhiteElo "2583"]
[BlackElo "2291"]
[Annotator "TA"]
[PlyCount "149"]
[EventDate "2018.07.12"]
[EventType "tourn"]
[EventCountry "USA"]
[SourceTitle "playchess.com"]
[Source "ChessBase"]
[SourceQuality "1"]

{[%evp 17,149,-9,0,-18,0,0,2,-22,-32,-121,-135,-133,-141,-133,-124,-105,-98,-112,-108,-100,-107,-97,-85,-152,-18,-121,-118,-210,-232,-402,0,0,-1,-8,0,0,0,0,0,0,10,10,14,0,32,24,38,20,164,164,164,164,197,197,403,396,403,403,403,403,403,396,403,403,403,403,403,403,396,396,396,389,389,389,389,389,389,389,389,389,389,389,389,389,389,389,389,389,389,389,389,389,389,389,389,389,389,389,389,388,388,381,381,374,374,366,366,359,348,0,374,366,366,366,366,366,239,239,1064,1030,979,929,861,800,778,740,726,0,687,633,557,419,29986,29987]} 1. e4 c5 2. Nc3 Nc6 3. g3 g6 4. Bg2 Bg7 5. d3 d6 6. Be3 e5 7. f4 Nge7 8. Nh3 Nd4 9. O-O O-O {LiveBook: 22 Games} 10. g4 {B25: Closed Sicilian: 3 g3, lines without early Be3} (10. Qd2 Bd7 11. Nd1 Qc8 12. Ndf2 Ndc6 13. c3 b5 14. fxe5 Nxe5 15. Bh6 N7c6 16. Bxg7 Kxg7 17. Nf4 Qd8 18. Rad1 {1-0 (33) Carlsen,M (2877)-Wojtaszek,R (2735) Tromsoe 2014 CBM 162 [Marin,M]}) 10... exf4 11. Nxf4 b5 {[%cal Bb7b5,Bb5b4][%mdl 32]} 12. e5 $146 {The position is equal.} ({Predecessor:} 12. Rb1 b4 13. Ncd5 Nxd5 14. Nxd5 Ne6 15. Nf4 a5 {½-½ (15) Bagirov,V (2530)-Pribyl,J (2405) Berlin 1995}) 12... dxe5 13. Bxa8 (13. Nxg6 $1 $15 hxg6 14. Bxa8) 13... exf4 $17 14. Bxf4 b4 $1 {[%cal Rb4c3]} 15. Ne4 Be6 16. Bg5 Qc7 17. c3 ({But not} 17. Bf4 $2 Qc8 $17) 17... bxc3 18. bxc3 Rxa8 19. cxd4 Bxd4+ 20. Kg2 ({Better is} 20. Kh1) 20... Nc6 ({Black should play} 20... f5 $17 21. gxf5 Nxf5) 21. Bf6 (21. Qf3 $11) 21... Ne5 $1 {[%cal Re5g4]} 22. h3 (22. Bxe5 $17 {keeps fighting.} Qxe5 23. Qf3) 22... Bd5 $1 $19 (22... Bxa1 23. Qd2 $15) 23. Qd2 $2 {[#]} (23. Rb1 {was the only defense.}) 23... Nxd3 $2 ({Not} 23... Nc4 24. Qf4 $17) (23... Rb8 $1 $19 {[%cal Rb8b2]} 24. Qf4 Rb2+ 25. Kg3 g5 26. Bxg5 Bxe4 27. Qxe4 Ng6+ 28. Bf4 Nxf4 29. Rxf4 Rf2) 24. Qxd3 $11 {Black must now prevent Rae1.} Re8 (24... Qc6 $5 25. Rae1 $8 Re8 26. Bxd4 Rxe4 $11) 25. Rae1 Qc6 26. Bxd4 Rxe4 27. Kg1 Rxd4 28. Qg3 Rd2 {Threatens to win with ...Rg2+.} 29. Rf2 Rxf2 30. Qxf2 {[%mdl 4096] Endgame KQR-KQB} Qa4 31. g5 Be6 $1 32. Rb1 {Threatening mate with Rb8+.} Qd4 (32... Qe8 $11) 33. Qxd4 $18 cxd4 {[#] KR-KB} 34. a4 $1 d3 ({Much weaker is} 34... Bxh3 35. Rb8+ Kg7 36. Ra8 $16) 35. Kf2 Bxh3 $2 (35... h6) 36. Rb7 a6 37. Ke3 d2 38. Kxd2 Kg7 39. Ra7 Bf1 40. Ke3 Bc4 41. Kd4 Be2 42. Ke5 Bc4 43. a5 Bf1 44. Kd6 Bc4 45. Rc7 Bf1 46. Rc1 Be2 47. Rc2 Bd3 48. Rc3 Be2 49. Ke7 Bb5 50. Rb3 {Rxb5! would kill now.} Bc4 51. Rb4 Be6 52. Rb6 Bc4 53. Rd6 Bf1 54. Rd4 {Rf4 is the strong threat.} Bh3 55. Rc4 Bf5 56. Rc6 Bd3 57. Rc7 Bf1 58. Kd6 Be2 59. Kc5 Bf1 60. Ra7 Be2 61. Re7 Bf1 62. Rb7 Bd3 63. Ra7 Be2 $1 64. Kb6 h5 65. gxh6+ $1 Kh7 66. Rxf7+ Kxh6 67. Kc5 Kg5 $2 (67... g5 68. Rf2 Bb5 69. Rh2+ Kg6) 68. Kd4 Bb5 69. Ke5 Kg4 70. Rg7 Kg5 71. Rc7 Kg4 72. Rg7 Kg5 73. Rb7 {Intending Rxb5 and mate.} Bc4 74. Rb1 Kg4 (74... Bd3 $18 75. Rg1+ Kh6) 75. Rb4 {Precision: White = 70%, Black = 52%.} 1-0

[Event "USA-ch Juniors 2018"]
[Site "Saint Louis"]
[Date "2018.07.20"]
[Round "8"]
[White "Tang, Andrew"]
[Black "Wang, Annie"]
[Result "1-0"]
[WhiteElo "2507"]
[BlackElo "2299"]
[Annotator "TA"]
[PlyCount "81"]
[EventDate "2018.07.12"]
[EventType "tourn"]
[EventCountry "USA"]
[SourceTitle "playchess.com"]
[Source "ChessBase"]
[SourceQuality "1"]

{[%evp 21,81,22,10,3,27,28,25,0,20,13,15,17,11,0,8,5,11,0,61,72,75,60,115,118,97,102,90,79,82,21,133,74,147,145,165,166,153,154,147,204,997,1000,964,995,988,993,976,991,976,962,927,922,733,987,964,968,952,939,1028,1019,964,947]} 1. d4 e6 2. c4 Nf6 3. Nc3 Bb4 4. Qc2 O-O 5. Nf3 d5 6. Bg5 h6 7. Bxf6 Qxf6 8. e3 Nd7 9. a3 Bxc3+ 10. Qxc3 dxc4 11. Bxc4 c5 {LiveBook: 11 Games} 12. Rc1 {D43: Semi-Slav: 5 Bg5 h6} (12. Rd1 b6 13. Bb5 a6 14. Bxd7 Bxd7 15. dxc5 Qxc3+ 16. bxc3 Ba4 17. Rd4 b5 18. Ne5 Rfc8 19. Nd7 Ra7 {1-0 (38) Mamedyarov,S (2757)-Aronian,L (2803) Beijing 2013}) 12... cxd4 13. Qxd4 {[#]} Nb6 $146 ({Predecessor:} 13... Qxd4 14. Nxd4 Nb6 15. Be2 Bd7 16. f4 Rfc8 17. Kd2 Kf8 18. Rxc8+ Rxc8 19. Rc1 Rxc1 20. Kxc1 {½-½ (30) Tunik,G (2437)-Iljushin,A (2521) Togliatti 2014}) 14. Bb5 {White has an edge.} Qe7 15. O-O Rd8 16. Qe4 Rd5 17. Nd4 $36 {[%mdl 2048] White is pushing.} Bd7 18. Bd3 {[%cal Bb5d3,Bd3b1,Bb1a2,Ba2b3][%mdl 32] Qh7+ would kill now.} g6 19. Bb1 Qd6 (19... Bb5 $11) 20. Ba2 $14 Rh5 {[%csl Gh5][%cal Rd6h2]} 21. h3 (21. g3 {is more complex.} Nd5 22. Qf3 Qb6 23. g4 Re5 24. Qg3) 21... Nd5 ({Black should play} 21... e5 $14) 22. Rfd1 $16 Rd8 23. Qf3 {Black must now prevent e4.} Qb8 24. Bb3 Kg7 {[#]} 25. Rd2 (25. g4 $1 $16 {[%cal Rg4h5]} Re5 26. Qg3) 25... Rc8 (25... Nf6 $11) 26. Rcd1 (26. Rxc8 $142 Qxc8 27. g4) 26... Be8 (26... b6 $142) 27. e4 Nf4 {[#]} 28. Bxe6 $1 Nxe6 29. Nxe6+ fxe6 30. g4 {Threatening mate with Rd7+!} Rg5 $2 {[#]} (30... Rxh3 31. Qxh3 Qf4) 31. Rd7+ $1 $18 {[%mdl 512] White is clearly winning.} Kg8 {[#]} (31... Bxd7 32. Rxd7+) 32. Qf6 $1 {[%csl Gd7][%cal Rf6g7][%mdl 512]} Bxd7 33. Rxd7 {[%csl Gd7][%cal Rf6g7]} Rc1+ 34. Kg2 {[%csl Gd7][%cal Rf6g7]} Qf8 35. Rd8 Qxd8 36. Qxd8+ {KQ-KRR} Kf7 37. Qd7+ Kf8 38. b4 Rc2 39. Kg3 a6 40. h4 Rb5 41. a4 {Precision: White = 68%, Black = 41%.} 1-0

[Event "USA-ch Juniors 2018"]
[Site "Saint Louis"]
[Date "2018.07.20"]
[Round "8"]
[White "Chandra, Akshat"]
[Black "Brattain, Mika"]
[Result "0-1"]
[WhiteElo "2486"]
[BlackElo "2399"]
[Annotator "TA"]
[PlyCount "64"]
[EventDate "2018.07.12"]
[EventType "tourn"]
[EventCountry "USA"]
[SourceTitle "playchess.com"]
[Source "ChessBase"]
[SourceQuality "1"]

{[%evp 18,64,74,76,70,75,83,71,83,82,97,94,104,89,91,89,114,110,119,97,146,147,139,148,183,182,185,178,192,186,172,137,132,126,337,347,472,0,0,-135,-142,-142,-139,-243,-243,-1397,-1397,-1133,-743]} 1. e4 c5 2. Nf3 d6 3. d4 Nf6 4. Nc3 cxd4 5. Nxd4 a6 6. h3 e5 7. Nde2 {[%cal Bd4e2,Be2g3,Bg3h5][%mdl 32]} b5 8. Ng3 {B90: Sizilianisch (Najdorf-Variante, Abweichungen)} Be6 (8... Qc7 9. Bd3 g6 10. O-O Bg7 11. Bd2 O-O 12. a4 b4 13. Na2 a5 14. c3 bxc3 15. Nxc3 Be6 {½-½ (40) Svidler,P (2760)-Khismatullin,D (2632) Sochi 2018}) 9. Bg5 Nbd7 10. Nh5 $1 {LiveBook: 3 Partien. Weiß steht besser.} Qa5 {Weiss muss nun ...Sxe4 beachten.} 11. Bxf6 Nxf6 12. Nxf6+ gxf6 13. Qf3 $146 ({Vorgänger:} 13. Bd3 b4 14. Nd5 Bxd5 15. exd5 Qxd5 {1-0 (34) Sadzikowski,D (2563)-Das,S (2399) Warsaw 2017}) 13... Bg7 14. Bd3 {[%cal Bf1d3,Bd3c2,Bc2a4,Ba4b3,Bb3d5][%mdl 32]} b4 15. Nd1 b3+ 16. Nc3 bxc2 17. O-O Rb8 18. Bxc2 Rxb2 19. Ba4+ Ke7 {[#] Mit der Idee ...Tc8.} 20. Bb3 $1 {[%mdl 512]} Rc8 {[#]} (20... Bxb3 21. axb3) 21. Nd5+ $1 Bxd5 22. Bxd5 Kf8 23. Qh5 {[%csl Gd5][%cal Rh5f7][%mdl 1024] Weiss hat starke Kompensation.} Rc7 24. Rae1 ({Viel schwächer ist} 24. Qxh7 Qd2 $16) 24... Qd2 25. Re3 Rbc2 $2 {[#]} (25... Kg8 $16 {kämpft weiter.}) 26. Kh2 $1 $18 Rc1 27. Rb3 $2 ({Der einzige Zug:} 27. Rxc1 $18 Qxc1 28. h4 (28. Qxh7 Rc3 $18)) 27... Bh6 $1 $36 {[%cal Rh6f4][%mdl 2048] Weiss steht unter Druck.} 28. Rb8+ (28. Rxc1 $1 $11 Bf4+ 29. Rg3 Bxg3+ 30. fxg3 Qxc1 31. Qxh7) 28... Kg7 $17 29. Qg4+ Bg5 30. Rxc1 (30. Rb1 $17 Rxb1 31. Rxb1 Qxf2 32. Qg3) 30... Rxc1 $19 31. Rb7 $2 (31. Bxf7 f5 32. Rg8+ Kxf7 33. Qxg5 Qxg5 34. Rxg5 fxe4 35. Rf5+ Kg7 36. Rg5+ Kf6 37. Rg8) 31... Kh6 32. Qf3 Rc3 {Precision: Weiß = 75%, Schwarz = 65%.} 0-1

[Event "USA-ch Juniors 2018"]
[Site "Saint Louis"]
[Date "2018.07.20"]
[Round "8"]
[White "Balakrishnan, Praveen"]
[Black "Liang, Awonder"]
[Result "0-1"]
[WhiteElo "2411"]
[BlackElo "2569"]
[Annotator "TA"]
[PlyCount "140"]
[EventDate "2018.07.12"]
[EventType "tourn"]
[EventCountry "USA"]
[SourceTitle "playchess.com"]
[Source "ChessBase"]
[SourceQuality "1"]

{[%evp 27,140,81,85,76,62,27,87,90,100,90,102,65,70,66,71,35,40,27,28,19,42,43,46,18,43,14,35,24,17,17,22,23,15,15,22,21,31,1,6,2,4,0,3,4,3,0,0,0,10,10,35,13,20,0,0,0,0,0,0,0,1,-8,-8,-8,-8,-8,-8,-9,-9,-9,0,-8,-6,-8,-6,-8,0,0,0,0,0,0,0,0,0,0,0,0,0,-8,0,0,0,0,0,0,0,0,0,0,0,0,0,-2,0,-94,0,-638,-638,-638,-617,-29982,-29982,-29983,-29983]} 1. d4 Nf6 2. c4 g6 3. g3 Bg7 4. Bg2 O-O 5. Nc3 d6 6. Nf3 Nbd7 7. O-O e5 8. e4 c6 9. h3 a5 10. Be3 exd4 11. Nxd4 Re8 12. Qc2 Nc5 13. Rad1 Nfd7 14. b3 Qb6 {LiveBook: 9 Partien. E69: Königsindisch (Hauptvariante des g3-Systems mit e2-e4 und h2-h3)} 15. Rb1 Qc7 16. a3 {[%cal Ba2a3,Ba3b4][%mdl 32]} Ne5 {[#]} (16... Nb6 $11 {hält das Gleichgewicht.}) 17. f4 $1 $16 {[%cal Rf4e5]} Ned7 18. Bf2 $146 ({Vorgänger:} 18. b4 axb4 19. axb4 Ne6 20. Nde2 Nb6 21. Qb3 Nf8 22. c5 dxc5 23. bxc5 {1-0 (40) Wassin,S (2303)-Moliboga,V (2284) Kiev 2003}) 18... h5 19. b4 axb4 20. axb4 Ne6 21. Rfd1 Bxd4 22. Bxd4 {und nun wäre Le3 stark für Weiss.} h4 23. Bf2 hxg3 24. Bxg3 Ng7 25. Qd2 Nb6 26. Bf1 ({Bitte nicht} 26. Qxd6 Qxd6 27. Rxd6 Ra3 $15) 26... Be6 27. f5 Bxc4 28. Bxd6 Qd8 29. fxg6 fxg6 30. Bg2 Bf7 31. Qh6 Nd7 $1 32. Rf1 Qb6+ 33. Rf2 {Droht stark b5.} Qd4 34. Qd2 Qxd2 35. Rxd2 Ne5 36. Bxe5 Rxe5 37. Rd7 b6 38. Rf1 Be8 39. Rb7 b5 40. Ne2 Rd8 41. Ra1 Nh5 42. Raa7 Rd2 43. Bf3 Nf6 44. Re7 Rxe7 45. Rxe7 {[#] Und e5 würde nun gewinnen.} Kf8 46. Rc7 $1 Nd7 {...Se5 ist eine echte Drohung.} 47. Rxc6 Ne5 48. Rc3 Bf7 49. Nf4 Bc4 50. Nd5 Kg7 51. Bg2 Kh6 52. Bf1 Rd1 (52... Rd4 {seems wilder.} 53. Bxc4 Nxc4 54. Kh2 Nd6 55. Rc5 Rxe4 56. Kh1 Rd4) 53. Ne3 Rb1 54. Kf2 {[%cal Rf1c4]} Bxf1 55. Nxf1 Rxb4 $11 {[%mdl 4096] Endspiel KTS-KTS} 56. Nd2 Ra4 57. Ke3 b4 58. Rc5 Nf7 59. Rb5 Ng5 60. h4 Ne6 61. h5 Ra3+ ({Natürlich nicht} 61... gxh5 $6 62. Rb6 $16) 62. Kf2 Rd3 63. Nf1 b3 {[%cal Bb4b3,Bb3b2][%mdl 32] Weiss sollte ...Sd4 verhindern.} 64. Rb6 Nc5 {Weiss muss nun ...Sa4 beachten.} 65. Ng3 Na4 66. Rxg6+ Kh7 {zielt auf ...b2 ab.} 67. Ne2 $2 {[%mdl 8192]} (67. e5 $11 Rd2+ 68. Ke3) 67... b2 $19 68. Rg1 Ra3 69. e5 {beabsichtigt e6.} Ra1 70. e6 Rxg1 {Precision: Weiß = 57%, Schwarz = 71%.} 0-1

[Event "USA-ch Juniors 2018"]
[Site "Saint Louis"]
[Date "2018.07.21"]
[Round "9"]
[White "Liang, Awonder"]
[Black "Chandra, Akshat"]
[Result "1/2-1/2"]
[WhiteElo "2569"]
[BlackElo "2486"]
[Annotator "TA"]
[PlyCount "60"]
[EventDate "2018.07.12"]
[EventType "tourn"]
[EventCountry "USA"]
[SourceTitle "playchess.com"]
[Source "ChessBase"]
[SourceQuality "1"]

{[%evp 16,60,50,40,50,46,45,40,45,25,30,29,74,77,98,63,67,75,83,77,117,45,62,41,36,26,29,12,12,12,12,10,14,12,12,12,12,12,16,9,12,12,13,13,6,0,0]} 1. e4 d6 2. d4 Nf6 3. Bd3 e5 4. c3 Nbd7 5. Nf3 Be7 6. O-O {B07: Pirc-Ufimzew-Verteidigung} c6 (6... O-O 7. Re1 Re8 8. Nbd2 Bf8 9. Nf1 b6 10. Ng3 Bb7 11. h3 g6 12. Bg5 h6 13. Bd2 Bg7 14. Qc2 Rc8 15. Rad1 exd4 16. cxd4 {0-1 (85) Alekseev,E (2616)-Khismatullin,D (2632) Riadh 2017}) 7. Re1 O-O 8. Nbd2 {[%cal Bb1d2,Bd2f1,Bf1g3][%mdl 32]} Re8 9. Nf1 {LiveBook: 27 Partien} a6 10. a4 b6 11. Ng3 Bf8 12. Qb3 $146 ({Vorgänger:} 12. b3 Bb7 13. Bd2 Qc7 14. Qc2 Rad8 15. b4 Rc8 16. h3 {1-0 (93) Gongora Reyes,M (2426)-Bueno Abalo,M (2240) Pontevedra 2003}) 12... Bb7 13. Be3 exd4 14. cxd4 g6 15. h3 Bg7 16. Rad1 Nf8 17. e5 Nd5 {[%cal Rd6e5] [#]} 18. Bg5 (18. Ne4 $1 $16) 18... Qc7 $14 {[%cal Rd6e5]} 19. Ne4 dxe5 20. dxe5 ({Bitte nicht} 20. Nxe5 Ne6 $15) 20... Nd7 $1 21. Nd6 Re6 $1 {[%cal Rd7e5] Die Stellung ist ausgeglichen.} 22. Nxb7 Qxb7 23. Bc4 {[%cal Rd1d5] [#] Droht Txd5 und aus.} Nxe5 24. Nxe5 Rxe5 25. Rxe5 Bxe5 26. Rxd5 cxd5 27. Bxd5 Qa7 {Und weiter mit ...Tb8 wäre nett.} 28. Bxa8 Qxa8 29. Qxb6 Qe4 $1 {[%cal Re4e1]} 30. Qe3 Qxe3 {Precision: Weiß = 54%, Schwarz = 77%.} 1/2-1/2